Statistieken voor Alle landcodes op voertuigen van Europa

Klik hier om de quiz te nemen!

Algemene statistieken

  • Deze quiz is 51 keer genomen
  • De gemiddelde score is 38 van 47

Antwoordstatistieken

LandcodeLand% Correct
BBelgië
100%
DKDenemarken
100%
DDuitsland
100%
BGBulgarije
97%
FINFinland
97%
CZTsjechië
97%
ESTEstland
94%
FFrankrijk
94%
HHongarije
94%
LTLitouwen
94%
ALAlbanië
91%
ANDAndorra
91%
IRLIerland
91%
LVLetland
91%
NLNederland
91%
AOostenrijk
91%
PLPolen
91%
RORoemenië
91%
RUSRusland
91%
SLOSlovenië
91%
SKSlowakije
91%
IItalië
88%
SRBServië
88%
ESpanje
88%
GRGriekenland
85%
LLuxemburg
85%
NNoorwegen
82%
PPortugal
82%
TRTurkije
79%
UKVerenigd Koninkrijk
79%
BIHBosnië en Herzegovina
76%
CYCyprus
76%
NMKNoord-Macedonië
76%
SZweden
76%
MCMonaco
73%
UAOekraïne
73%
ISIJsland
67%
CHZwitserland
67%
MMalta
64%
MNEMontenegro
64%
VVaticaanstad
64%
BYBelarus
61%
MDMoldavië
61%
HRKroatië
58%
RSMSan Marino
55%
RKSKosovo
45%
FLLiechtenstein
42%

Scoreverdeling

Percentiel versus Aantal Correcte Antwoorden

Procent van Mensen met Elke Score

Uw Scoregeschiedenis

U heeft deze quiz nog niet genomen